The Kamwala eagle: Zambia commended in peace support operations (Record no. 48558)

MARC details
000 -LEADER
fixed length control field 00522nam a2200121 a 4500
008 - FIXED-LENGTH DATA ELEMENTS--GENERAL INFORMATION
fixed length control field 140826s2013 ||||||||||||||||| || u
050 ## - LIBRARY OF CONGRESS CALL NUMBER
Classification number ZDSCSC(05)
245 04 - TITLE STATEMENT
Title The Kamwala eagle: Zambia commended in peace support operations
Statement of responsibility, etc. by Zambia deffence services command and staff college (ZDSCSC)
260 ## - PUBLICATION, DISTRIBUTION, ETC.
Place of publication, distribution, etc. Lusaka:
Date of publication, distribution, etc. 2013
300 ## - PHYSICAL DESCRIPTION
Extent 39p.: ill.
650 ## - SUBJECT ADDED ENTRY--TOPICAL TERM
Topical term or geographic name entry element DEFENCE SERVICES--ZAMBIA
995 ## - RECOMMENDATION 995 [LOCAL, UNIMARC FRANCE]
-- CBU-MAIN LIBRARY (Kitwe)
-- 1
-- AVAILABLE
-- Aug 27, 2014
-- Zambiana Collection
Holdings
Withdrawn status Lost status Source of classification or shelving scheme Damaged status Not for loan Home library Current library Shelving location Date acquired Total Checkouts Full call number Barcode Date last seen Price effective from Koha item type
          CBU-MAIN LIBRARY, KITWE. CBU-MAIN LIBRARY, KITWE.   11/30/2022   ZDSCSC(05) B1589 11/30/2022 11/30/2022 MONOGRAPH